El contrato de compraventa internacional.
Uloženo v:
| Hlavní autor: | |
|---|---|
| Médium: | Kniha |
| Vydáno: |
México D.F., México,
McGraw-Hill; Universidad Nacional Autónoma de México,
1994.
|
| Edice: | Instituto de Investigaciones Jurídicas, Serie G: Estudios Doctrinales
|
| Témata: | |
| Tagy: |
Přidat tag
Žádné tagy, Buďte první, kdo vytvoří štítek k tomuto záznamu!
|
MARC
| LEADER | 00000nam a22000007a 4500 | ||
|---|---|---|---|
| 003 | CL-VaPUC | ||
| 005 | 20220822114601.0 | ||
| 008 | 220708t1994 ||||| |||| 00| 0 eng d | ||
| 999 | |c 436867 |d 436865 | ||
| 020 | |a 970-10-0507-4 | ||
| 040 | |c Pontificia Universidad Católica de Valparaíso | ||
| 082 | 7 | |a 341.754 ADA 1994 |2 22 | |
| 100 | |a Adame Goddard, Jorge |9 393456 |e autor | ||
| 245 | |a El contrato de compraventa internacional. | ||
| 260 | |a México D.F., México, |b McGraw-Hill; |b Universidad Nacional Autónoma de México, |c 1994. | ||
| 300 | |a 495 páginas. | ||
| 490 | |a Instituto de Investigaciones Jurídicas, |a Serie G: Estudios Doctrinales |n 153. | ||
| 500 | |a c.1- Donación Familia Prof. Alejandro Guzmán Brito. | ||
| 583 | |c 20220708 |k Catalogador Asistente | ||
| 650 | |a Derecho comercial |9 256340 | ||
| 650 | |a Exportaciones |x Contratos de ventas |9 872740 | ||
| 942 | |2 ddc |c BK |n 0 | ||
| 952 | |0 0 |1 0 |2 ddc |4 0 |6 341_754000000000000_ADA_1994 |7 0 |8 C_AGB |9 584597 |a BIBDER |b BIBDER |d 2022-07-08 |e Donación |i 5652738 |o 341.754 ADA 1994 |p 5652738 |r 2023-01-25 |t 1 |w 2022-07-08 |y BK_US |k AGB | ||